[Event "FIDE WCCC U12 2018"]
[Site "Santiago de Compostela"]
[Date "2018.11.10"]
[Round "6"]
[White "Shen, Shiyan"]
[Black "Kang, Dorian"]
[Result "1-0"]
[WhiteElo "2187"]
[BlackElo "1953"]
[Annotator "TA"]
[PlyCount "101"]
[EventDate "2018.11.04"]
[EventType "swiss"]
[EventCountry "ESP"]
[SourceTitle "playchess.com"]
[Source "ChessBase"]
[SourceQuality "1"]

{[%evp 27,101,0,54,0,2,6,13,0,36,0,12,-20,0,0,0,-6,14,8,10,0,0,0,0,0,0,0,0,-22,-12,-22,-15,-16,0,0,0,6,17,13,21,5,46,45,42,34,72,64,73,43,60,36,41,46,46,7,32,32,32,32,30,12,12,12,208,205,348,343,346,347,345,339,457,451,450,450,445,438]} 1. e4 {Rogozenco,D} c5 2. Nf3 Nc6 3. d4 cxd4 4. Nxd4 Nf6 5. Nc3 e5 6. Ndb5 d6 7. Bg5 a6 8. Na3 b5 9. Nd5 Be7 10. Bxf6 Bxf6 11. c4 b4 {B33: Sizilianisch (Lasker/Pelikan/Sweschnikow-Variante)} 12. Nc2 O-O 13. Be2 (13. g3 Bg5 14. Bg2 a5 15. O-O Ne7 16. Nce3 Bxe3 17. Nxe3 Be6 18. Rc1 Nc6 19. Nf5 {1-0 (54) Harikrishna,P (2744)-Yu,Y (2751) Huaian 2017}) 13... Bg5 14. O-O Qa5 {[#] LiveBook: 5 Partien} (14... Rb8 $11) 15. Bf3 $146 (15. b3 $14) ({Vorgänger:} 15. b3 Qc5 16. a3 bxa3 17. b4 Qa7 18. Rxa3 Ne7 19. Nde3 Bxe3 20. Rxe3 {0-1 (71) Fedorov,A (2584)-Markos,J (2557) Dresden 2008 CBM 128 [Rogozenco,D]}) 15... Qc5 $11 16. Qd3 Rb8 17. b3 Be6 18. Nc7 Bc8 19. a3 bxa3 20. Nd5 $1 a5 21. Rxa3 Nd4 {[#] zielt auf ...Sxc2 ab.} 22. Rfa1 Nxf3+ 23. Qxf3 Bd8 $1 24. Qe3 Qxe3 25. Ncxe3 g6 26. f3 f5 27. Rc1 Be6 28. exf5 gxf5 29. Kf1 Bg5 {[#] Droht ...Lxd5 und aus.} 30. Rd1 Rfc8 31. g3 Rc5 32. f4 Bd8 33. Nc3 Rc6 34. Nb5 Bb6 35. Nd5 Bd8 36. Ra2 Kf7 37. Rad2 Kf8 38. Ne3 {Und fxe5 würde nun gewinnen.} Be7 39. Rf2 {Und weiter mit Sxf5! wäre nett.} a4 40. fxe5 axb3 41. Nd4 Bxc4+ 42. Kg2 Rc5 43. Nxc4 Rxc4 44. exd6 Bxd6 $2 (44... Bf6 $11 45. Rxf5 Kg7 46. Nxb3 Rxb3) 45. Nxf5 $18 Bc5 (45... Bxg3 $142 46. hxg3 (46. Nxg3+ Kg8 $18) 46... Rc3) 46. Ne3+ $1 Ke7 47. Nxc4 Bxf2 48. Kxf2 Rb4 49. Nb2 {Weiß steht klar auf Gewinn.} Rb5 50. Rd3 Ke6 51. Ke3 {Precision: Weiß = 57%, Schwarz = 47%.} 1-0

[Event "FIDE WCCC U12 2018"]
[Site "Santiago de Compostela"]
[Date "2018.11.10"]
[Round "6"]
[White "Milikow, Elie"]
[Black "Rostomyan, Mikayel"]
[Result "1-0"]
[WhiteElo "2173"]
[BlackElo "1565"]
[Annotator "ChessBase"]
[PlyCount "61"]
[EventDate "2018.11.04"]
[EventType "swiss"]
[EventCountry "ESP"]
[SourceTitle "playchess.com"]
[Source "ChessBase"]
[SourceQuality "1"]
[TimeControl "40/5400+30:1800+30"]

1. e4 {[%emt 0:00:00]} Nf6 {[%emt 0:00:00]} 2. e5 {[%emt 0:00:00]} Nd5 {[%emt 0:00:00]} 3. c4 {[%emt 0:00:00]} Nb6 {[%emt 0:00:00]} 4. d4 {[%emt 0:00:12]} d6 {[%emt 0:00:00]} 5. exd6 {[%emt 0:00:14]} cxd6 {[%emt 0:00:00]} 6. Nc3 {[%emt 0:02:23]} g6 {[%emt 0:00:00]} 7. Be3 {[%emt 0:01:48]} Bg7 {[%emt 0:00:00]} 8. Be2 {[%emt 0:03:01]} O-O {[%emt 0:00:28]} 9. Rc1 {[%emt 0:08:51]} Nc6 {[%emt 0:06:54]} 10. b3 {[%emt 0:09:25]} e5 {[%emt 0:05:26]} 11. Nf3 {[%emt 0:06:23]} Bg4 {[%emt 0:02:53]} 12. dxe5 {[%emt 0:03:09]} dxe5 {[%emt 0:00:21]} 13. Qxd8 {[%emt 0:03:24]} Rfxd8 {[%emt 0:04:11]} 14. O-O {[%emt 0:18:39]} f5 {[%emt 0:02:04]} 15. c5 {[%emt 0:00:31]} Nd7 {[%emt 0:07:14]} 16. Bc4+ {[%emt 0:00:20]} Kh8 {[%emt 0:00:18]} 17. Ng5 {[%emt 0:00:25]} Rf8 {[%emt 0:02:36]} 18. f3 Bh5 {[%emt 0:00:05]} 19. Nf7+ {[%emt 0:01:45]} Rxf7 {[%emt 0:06:09]} 20. Bxf7 {[%emt 0:05:24]} Nd4 {[%emt 0:02:30]} 21. b4 {[%emt 0:00:44]} a5 {[%emt 0:00:07]} 22. a3 {[%emt 0:00:07]} axb4 {[%emt 0:00:12]} 23. axb4 {[%emt 0:00:22]} Ra3 {[%emt 0:03:27]} 24. Kh1 {[%emt 0:02:39]} Nc6 {[%emt 0:03:36]} 25. Be8 {[%emt 0:01:14]} Nf6 {[%emt 0:00:04]} 26. Bxc6 bxc6 27. h3 {[%emt 0:09:36]} f4 {[%emt 0:01:54]} 28. Bg1 {[%emt 0:02:22]} Rb3 {[%emt 0:01:14]} 29. b5 {[%emt 0:01:04]} cxb5 {[%emt 0:02:21]} 30. c6 {[%emt 0:00:19]} Ne8 {[%emt 0:00:32]} 31. Nd5 {[%emt 0:00:16]} 1-0

[Event "FIDE WCCC U12 2018"]
[Site "Santiago de Compostela"]
[Date "2018.11.10"]
[Round "6"]
[White "Droin, Augustin"]
[Black "Haack, Kevin"]
[Result "1/2-1/2"]
[WhiteElo "2155"]
[BlackElo "1911"]
[Annotator "ChessBase"]
[PlyCount "115"]
[EventDate "2018.11.04"]
[EventType "swiss"]
[EventCountry "ESP"]
[SourceTitle "playchess.com"]
[Source "ChessBase"]
[SourceQuality "1"]
[TimeControl "40/5400+30:1800+30"]

1. e4 {[%emt 0:00:00]} c5 {[%emt 0:00:00]} 2. b3 {[%emt 0:00:02]} Nc6 {[%emt 0:05:13]} 3. Bb2 {[%emt 0:00:26]} e5 {[%emt 0:02:37]} 4. Bc4 {[%emt 0:05:06]} d6 {[%emt 0:04:55]} 5. Ne2 {[%emt 0:01:04]} g6 {[%emt 0:01:00]} 6. O-O {[%emt 0:07:17]} Bg7 {[%emt 0:07:42]} 7. f4 {[%emt 0:03:14]} Nh6 {[%emt 0:03:26]} 8. d3 {[%emt 0:03:19]} O-O {[%emt 0:00:47]} 9. Ng3 {[%emt 0:00:26]} exf4 {[%emt 0:05:10]} 10. Bxg7 {[%emt 0:01:03]} Kxg7 {[%emt 0:00:03]} 11. Rxf4 {[%emt 0:00:12]} Qg5 {[%emt 0:04:26]} 12. Qd2 {[%emt 0:01:15]} Be6 {[%emt 0:02:39]} 13. Bxe6 {[%emt 0:04:43]} fxe6 {[%emt 0:00:30]} 14. Rxf8 {[%emt 0:00:22]} Qxd2 {[%emt 0:00:18]} 15. Nxd2 {[%emt 0:00:50]} Rxf8 {[%emt 0:00:16]} 16. Rf1 {[%emt 0:00:26]} Rxf1+ {[%emt 0:03:00]} 17. Ngxf1 {[%emt 0:00:09]} Nb4 {[%emt 0:01:05]} 18. Nc4 {[%emt 0:06:12]} d5 {[%emt 0:02:00]} 19. Nd6 {[%emt 0:00:56]} b6 {[%emt 0:03:54]} 20. Nc8 {[%emt 0:01:33]} Nxc2 {[%emt 0:03:43]} 21. Nxa7 {[%emt 0:00:39]} Nb4 {[%emt 0:00:09]} 22. Nc8 {[%emt 0:00:38]} Nxd3 {[%emt 0:13:40]} 23. exd5 {[%emt 0:00:26]} exd5 {[%emt 0:00:04]} 24. Nxb6 {[%emt 0:00:05]} Nc1 {[%emt 0:00:18]} 25. Nxd5 {[%emt 0:01:25]} Nxa2 {[%emt 0:00:06]} 26. Nd2 {[%emt 0:00:20]} Kf7 {[%emt 0:07:11]} 27. Ne4 {[%emt 0:01:29]} Ke6 {[%emt 0:01:49]} 28. Nb6 {[%emt 0:00:28]} Nc1 {[%emt 0:02:54]} 29. Nxc5+ {[%emt 0:00:44]} Kd6 {[%emt 0:00:07]} 30. b4 {[%emt 0:00:14]} Kc6 31. Nbd7 {[%emt 0:01:12]} Na2 {[%emt 0:02:38]} 32. Nf6 {[%emt 0:00:47]} Nxb4 {[%emt 0:00:14]} 33. Nce4 {[%emt 0:00:05]} Nf7 {[%emt 0:01:32]} 34. Nxh7 {[%emt 0:00:51]} Kd5 {[%emt 0:00:25]} 35. Nhg5 {[%emt 0:00:15]} Nxg5 {[%emt 0:02:17]} 36. Nxg5 {[%emt 0:00:29]} Ke5 {[%emt 0:00:04]} 37. h3 {[%emt 0:01:40]} Kf4 {[%emt 0:03:24]} 38. Nf7 {[%emt 0:00:27]} g5 {[%emt 0:03:10]} 39. Kh2 {[%emt 0:00:12]} Nd3 {[%emt 0:00:48]} 40. g3+ {[%emt 0:00:00]} Kf5 {[%emt 0:00:00]} 41. Kg2 {[%emt 0:01:25]} Nc5 {[%emt 0:02:21]} 42. Nh6+ {[%emt 0:02:06]} Kg6 {[%emt 0:01:00]} 43. Ng4 {[%emt 0:00:06]} Kf5 {[%emt 0:01:05]} 44. Kf3 {[%emt 0:00:06]} Ne6 {[%emt 0:01:01]} 45. Ne3+ {[%emt 0:00:23]} Kg6 {[%emt 0:00:30]} 46. Kg4 {[%emt 0:00:22]} Nd4 {[%emt 0:02:00]} 47. Nc4 {[%emt 0:00:21]} Nc6 {[%emt 0:00:20]} 48. Kf3 {[%emt 0:00:36]} Nd4+ {[%emt 0:01:09]} 49. Ke4 {[%emt 0:00:59]} Ne2 {[%emt 0:02:00]} 50. g4 {[%emt 0:01:19]} Ng1 {[%emt 0:01:23]} 51. Ne5+ {[%emt 0:01:02]} Kf6 {[%emt 0:00:31]} 52. Nd7+ {[%emt 0:01:32]} Ke6 {[%emt 0:00:50]} 53. Nf8+ {[%emt 0:00:21]} Kf7 {[%emt 0:00:08]} 54. Kf5 {[%emt 0:00:19]} Kxf8 {[%emt 0:00:50]} 55. Kxg5 {[%emt 0:00:06]} Nxh3+ {[%emt 0:00:04]} 56. Kf5 {[%emt 0:00:05]} Kg7 {[%emt 0:00:06]} 57. g5 {[%emt 0:00:05]} Nxg5 {[%emt 0:00:03]} 58. Kxg5 {[%emt 0:00:06]} 1/2-1/2

[Event "FIDE WCCC U12 2018"]
[Site "Santiago de Compostela"]
[Date "2018.11.10"]
[Round "6"]
[White "Tian, Eddy"]
[Black "Zheng, Michael"]
[Result "1-0"]
[WhiteElo "2151"]
[BlackElo "1970"]
[Annotator "ChessBase"]
[PlyCount "71"]
[EventDate "2018.11.04"]
[EventType "swiss"]
[EventCountry "ESP"]
[SourceTitle "playchess.com"]
[Source "ChessBase"]
[SourceQuality "1"]
[TimeControl "40/5400+30:1800+30"]

1. Nf3 {[%emt 0:00:00]} c5 {[%emt 0:00:00]} 2. c4 {[%emt 0:00:11]} Nf6 {[%emt 0:00:00]} 3. Nc3 {[%emt 0:00:30]} d5 {[%emt 0:00:00]} 4. cxd5 {[%emt 0:01:24]} Nxd5 {[%emt 0:00:00]} 5. e3 {[%emt 0:02:29]} Nxc3 {[%emt 0:00:50]} 6. bxc3 {[%emt 0:00:21]} Nc6 {[%emt 0:00:30]} 7. d4 {[%emt 0:03:45]} g6 {[%emt 0:02:34]} 8. Bc4 {[%emt 0:03:41]} Bg7 {[%emt 0:01:17]} 9. O-O {[%emt 0:04:53]} O-O {[%emt 0:00:07]} 10. Ba3 {[%emt 0:03:50]} cxd4 {[%emt 0:02:43]} 11. cxd4 {[%emt 0:03:10]} Na5 {[%emt 0:03:38]} 12. Be2 {[%emt 0:02:58]} Be6 {[%emt 0:03:01]} 13. Qa4 {[%emt 0:04:31]} Bd5 {[%emt 0:07:14]} 14. Bxe7 {[%emt 0:04:26]} Qxe7 {[%emt 0:00:06]} 15. Qxa5 {[%emt 0:00:02]} Rfd8 {[%emt 0:04:18]} 16. Rfc1 {[%emt 0:03:25]} b6 {[%emt 0:13:43]} 17. Qb5 {[%emt 0:02:19]} h5 {[%emt 0:07:11]} 18. Nd2 {[%emt 0:06:08]} f5 {[%emt 0:15:37]} 19. Bc4 {[%emt 0:00:51]} Qf7 {[%emt 0:01:01]} 20. Bxd5 {[%emt 0:01:50]} Rxd5 {[%emt 0:00:32]} 21. Qc6 {[%emt 0:00:41]} Re8 {[%emt 0:00:51]} 22. Nc4 {[%emt 0:02:13]} Red8 {[%emt 0:02:04]} 23. Nd2 {[%emt 0:04:09]} f4 {[%emt 0:07:40]} 24. Nf3 {[%emt 0:02:41]} fxe3 {[%emt 0:04:12]} 25. fxe3 {[%emt 0:00:07]} Re8 {[%emt 0:02:28]} 26. Re1 {[%emt 0:01:39]} Ra5 {[%emt 0:04:11]} 27. e4 {[%emt 0:03:21]} g5 {[%emt 0:02:11]} 28. e5 {[%emt 0:02:29]} Re6 {[%emt 0:02:44]} 29. Qc4 {[%emt 0:04:35]} Rg6 {[%emt 0:03:15]} 30. e6 {[%emt 0:03:00]} Qe7 {[%emt 0:00:07]} 31. d5 {[%emt 0:03:56]} Rc5 {[%emt 0:03:17]} 32. Qb3 {[%emt 0:00:31]} Kh7 {[%emt 0:04:14]} 33. Rad1 {[%emt 0:00:26]} Qe8 {[%emt 0:01:41]} 34. d6 {[%emt 0:00:22]} Bf6 {[%emt 0:00:08]} 35. e7 {[%emt 0:00:21]} Rc3 {[%emt 0:01:49]} 36. d7 {[%emt 0:00:21]} 1-0

[Event "FIDE WCCC U12 2018"]
[Site "Santiago de Compostela"]
[Date "2018.11.10"]
[Round "6"]
[White "Nguyen, Quoc Hy"]
[Black "Ristic, Luka"]
[Result "1-0"]
[WhiteElo "2117"]
[BlackElo "1897"]
[Annotator "ChessBase"]
[PlyCount "85"]
[EventDate "2018.11.04"]
[EventType "swiss"]
[EventCountry "ESP"]
[SourceTitle "playchess.com"]
[Source "ChessBase"]
[SourceQuality "1"]
[TimeControl "40/5400+30:1800+30"]

1. c4 {[%emt 0:00:00]} Nf6 {[%emt 0:00:00]} 2. Nc3 {[%emt 0:00:00]} c5 {[%emt 0:00:00]} 3. g3 {[%emt 0:00:00]} e6 {[%emt 0:00:28]} 4. Bg2 {[%emt 0:00:00]} Be7 {[%emt 0:00:25]} 5. Nf3 {[%emt 0:01:50]} a6 {[%emt 0:00:28]} 6. O-O {[%emt 0:00:13]} O-O {[%emt 0:01:32]} 7. d4 {[%emt 0:00:20]} cxd4 {[%emt 0:00:10]} 8. Nxd4 {[%emt 0:00:06]} d6 {[%emt 0:01:28]} 9. b3 {[%emt 0:00:14]} Ra7 {[%emt 0:00:51]} 10. a4 {[%emt 0:01:35]} b6 {[%emt 0:11:31]} 11. a5 {[%emt 0:04:06]} bxa5 {[%emt 0:06:34]} 12. Be3 {[%emt 0:00:04]} Rd7 {[%emt 0:00:55]} 13. Nc6 {[%emt 0:02:25]} Nxc6 {[%emt 0:03:27]} 14. Bxc6 {[%emt 0:00:08]} Ng4 {[%emt 0:00:56]} 15. Bd4 {[%emt 0:01:33]} e5 {[%emt 0:03:44]} 16. Bxd7 {[%emt 0:00:22]} Qxd7 {[%emt 0:00:22]} 17. Bb6 {[%emt 0:03:03]} Kh8 {[%emt 0:09:22]} 18. Nd5 {[%emt 0:00:33]} Bb7 {[%emt 0:00:54]} 19. f3 {[%emt 0:01:13]} Nf6 {[%emt 0:01:22]} 20. e4 {[%emt 0:01:18]} Nxd5 {[%emt 0:03:43]} 21. exd5 {[%emt 0:00:18]} g6 {[%emt 0:02:23]} 22. f4 {[%emt 0:02:20]} h5 {[%emt 0:01:16]} 23. f5 {[%emt 0:01:05]} Kg7 {[%emt 0:00:22]} 24. fxg6 {[%emt 0:03:29]} Kxg6 {[%emt 0:00:14]} 25. Rf2 {[%emt 0:04:59]} Qg4 {[%emt 0:02:57]} 26. Qxg4+ {[%emt 0:01:00]} hxg4 {[%emt 0:00:05]} 27. Bxa5 {[%emt 0:00:13]} f5 {[%emt 0:01:27]} 28. Bd2 {[%emt 0:01:00]} Bf6 {[%emt 0:01:36]} 29. Raf1 {[%emt 0:01:36]} e4 {[%emt 0:00:31]} 30. Be3 {[%emt 0:00:16]} Bg5 {[%emt 0:01:22]} 31. Bxg5 {[%emt 0:00:21]} Kxg5 {[%emt 0:00:06]} 32. Re1 {[%emt 0:00:08]} Rc8 {[%emt 0:00:58]} 33. Ref1 {[%emt 0:04:21]} Rf8 {[%emt 0:00:52]} 34. Rf4 {[%emt 0:00:02]} a5 {[%emt 0:02:56]} 35. Rxe4 {[%emt 0:01:34]} fxe4 {[%emt 0:02:04]} 36. Rxf8 {[%emt 0:00:03]} a4 {[%emt 0:00:15]} 37. bxa4 {[%emt 0:00:12]} Ba6 {[%emt 0:00:07]} 38. Kf2 {[%emt 0:00:10]} Bxc4 {[%emt 0:00:06]} 39. Ke3 {[%emt 0:00:04]} Bxd5 {[%emt 0:00:04]} 40. Rd8 {[%emt 0:00:00]} Bc6 {[%emt 0:00:00]} 41. a5 {[%emt 0:00:09]} d5 {[%emt 0:00:08]} 42. a6 {[%emt 0:00:03]} d4+ {[%emt 0:00:02]} 43. Kxd4 {[%emt 0:00:04]} 1-0

[Event "FIDE WCCC U12 2018"]
[Site "Santiago de Compostela"]
[Date "2018.11.10"]
[Round "6"]
[White "Razafindratsima, Timothe"]
[Black "Akhmedinov, Satbek"]
[Result "1-0"]
[WhiteElo "2092"]
[BlackElo "1856"]
[Annotator "NA"]
[PlyCount "61"]
[EventDate "2018.11.04"]
[EventType "swiss"]
[EventCountry "ESP"]
[SourceTitle "playchess.com"]
[Source "ChessBase"]
[SourceQuality "1"]
[TimeControl "40/5400+30:1800+30"]

1. e4 c5 {[%emt 0:00:00]} 2. Nf3 {[%emt 0:00:00]} Nc6 {[%emt 0:00:00]} 3. d4 {[%emt 0:00:00]} cxd4 {[%emt 0:00:00]} 4. Nxd4 {[%emt 0:00:00]} Nf6 {[%emt 0:00:08]} 5. Nc3 {[%emt 0:00:00]} e5 {[%emt 0:00:14]} 6. Ndb5 {[%emt 0:00:00]} d6 {[%emt 0:00:06]} 7. Bg5 {[%emt 0:00:00]} a6 {[%emt 0:00:07]} 8. Na3 {[%emt 0:00:01]} b5 {[%emt 0:00:08]} 9. Nd5 {[%emt 0:00:04]} Be7 {[%emt 0:00:13]} 10. Bxf6 {[%emt 0:00:03]} Bxf6 {[%emt 0:00:08]} 11. c4 {[%emt 0:00:07]} Nd4 {[%emt 0:00:06]} 12. cxb5 {[%emt 0:00:34]} Bb7 {[%emt 0:00:05]} 13. Bc4 {[%emt 0:08:22]} axb5 {[%emt 0:00:31]} 14. Bxb5+ {[%emt 0:02:38]} Kf8 {[%emt 0:00:10]} 15. Bc4 {[%emt 0:01:36]} Rb8 {[%emt 0:18:14]} 16. Qd2 {[%emt 0:18:54]} Bg5 {[%emt 0:12:20]} 17. Qc3 {[%emt 0:03:53]} Bxd5 {[%emt 0:04:29]} 18. Bxd5 Qb6 19. Nc4 {[%emt 0:08:32]} Qa6 {[%emt 0:03:17]} 20. b3 {[%emt 0:05:58]} g6 {[%emt 0:01:16]} 21. h4 {[%emt 0:06:03]} Bh6 {[%emt 0:00:42]} 22. g3 Kg7 {[%emt 0:03:59]} 23. Kf1 {[%emt 0:02:53]} Rb5 {[%emt 0:02:57]} 24. Kg2 {[%emt 0:01:55]} f5 {[%emt 0:11:05]} 25. Nxe5 {[%emt 0:05:01]} Rxd5 {[%emt 0:02:36]} 26. Qc7+ {[%emt 0:00:14]} Kf6 {[%emt 0:00:33]} 27. Qf7+ {[%emt 0:00:06]} Kxe5 {[%emt 0:00:11]} 28. Qxd5+ {[%emt 0:00:15]} Kf6 {[%emt 0:00:41]} 29. Qxd4+ {[%emt 0:00:05]} Kf7 {[%emt 0:00:29]} 30. Qxh8 Bg7 {[%emt 0:00:43]} 31. Qxh7 {[%emt 0:00:57]} 1-0

[Event "FIDE WCCC U12 2018"]
[Site "Santiago de Compostela"]
[Date "2018.11.10"]
[Round "6"]
[White "Mekhane, Adam"]
[Black "Nahornyi, Ihor"]
[Result "1/2-1/2"]
[WhiteElo "2065"]
[BlackElo "1900"]
[Annotator "NA RC"]
[PlyCount "98"]
[EventDate "2018.11.04"]
[EventType "swiss"]
[EventCountry "ESP"]
[SourceTitle "playchess.com"]
[Source "ChessBase"]
[SourceQuality "1"]
[TimeControl "40/5400+30:1800+30"]

1. e4 {[%emt 0:00:00]} c5 {[%emt 0:00:00]} 2. Nf3 {[%emt 0:00:00]} e6 {[%emt 0:00:00]} 3. d4 {[%emt 0:00:00]} cxd4 {[%emt 0:00:00]} 4. Nxd4 {[%emt 0:00:00]} a6 {[%emt 0:00:00]} 5. Nc3 {[%emt 0:00:17]} Qc7 {[%emt 0:00:25]} 6. Bd3 {[%emt 0:00:10]} Nf6 {[%emt 0:02:12]} 7. O-O {[%emt 0:00:32]} b5 {[%emt 0:05:14]} 8. Re1 {[%emt 0:01:47]} d6 {[%emt 0:04:03] B43: Sicilian: Kan Variation: 5 Nc3} (8... Bb7 9. Bg5 Nc6 10. Nxc6 Qxc6 11. Qf3 Be7 12. a3 Qc5 13. Be3 Qe5 14. Bf4 Qh5 15. Qe3 Bc5 16. Qd2 O-O {1-0 (60) Radjabov,T (2742)-Artemiev,V (2692) Tbilisi 2017}) 9. a4 {[%emt 0:02:00]} b4 {[%emt 0:08:53]} 10. Na2 {[%emt 0:00:40]} e5 {[%emt 0:01:09]} 11. Nf5 {[%emt 0:09:16]} Nc6 {[%emt 0:08:51]} 12. c3 $146 {[%emt 0:07:13]} ({Predecessor:} 12. Bg5 Bxf5 13. exf5 d5 14. c3 Be7 15. cxb4 Nxb4 16. Rc1 {1-0 (57) Kosintseva,N (2524)-Galliamova,A (2465) Moscow 2012}) 12... Bxf5 {[%emt 0:15:13]} 13. exf5 {[%emt 0:00:44]} bxc3 {[%emt 0:11:36]} 14. Nxc3 {[%emt 0:01:01]} h6 {[%emt 0:02:00]} 15. Bc4 {[%emt 0:08:52]} Be7 {[%emt 0:04:01]} 16. Nd5 {[%emt 0:06:44]} Nxd5 {[%emt 0:03:13]} 17. Bxd5 {[%emt 0:00:24]} Rc8 {[%emt 0:10:24]} 18. Qg4 {[%emt 0:08:01]} Bf6 {[%emt 0:01:26]} 19. Bd2 {[%emt 0:08:46]} Qd7 {[%emt 0:03:37]} 20. Qc4 {[%emt 0:05:09]} O-O {[%emt 0:02:02]} 21. Qxa6 {[%emt 0:06:08]} Nd4 {[%emt 0:04:54]} 22. Rec1 {[%emt 0:05:39]} Rxc1+ {[%emt 0:02:46]} 23. Rxc1 {[%emt 0:01:13]} Qxf5 {[%emt 0:00:30]} 24. Be3 {[%emt 0:09:46]} e4 {[%emt 0:02:17]} 25. Qc4 {[%emt 0:01:49]} Ne2+ {[%emt 0:01:32]} 26. Qxe2 {[%emt 0:00:11]} Qxd5 {[%emt 0:00:01]} 27. b4 {[%emt 0:06:52]} Qb3 {[%emt 0:00:47]} 28. Qc4 {[%emt 0:02:58]} Qxa4 {[%emt 0:01:07]} 29. Qxe4 {[%emt 0:00:51]} Re8 {[%emt 0:00:36]} 30. Qg4 {[%emt 0:01:34]} Rb8 {[%emt 0:02:06]} 31. Rb1 {[%emt 0:01:59]} Qc2 {[%emt 0:00:40]} 32. Rc1 {[%emt 0:01:38]} Qa4 {[%emt 0:00:21]} 33. Bd2 {[%emt 0:00:48]} Qb3 {[%emt 0:03:10]} 34. h3 {[%emt 0:01:47]} Qe6 {[%emt 0:00:51]} 35. Qc4 {[%emt 0:01:00]} d5 {[%emt 0:00:49]} 36. Qc5 {[%emt 0:01:18]} d4 {[%emt 0:00:30]} 37. Bf4 {[%emt 0:00:31]} Rb7 {[%emt 0:00:27]} 38. b5 {[%emt 0:00:38]} Qb6 {[%emt 0:00:38]} 39. Qf5 {[%emt 0:00:35]} g6 {[%emt 0:00:26]} 40. Qc8+ {[%emt 0:00:00]} Kg7 {[%emt 0:00:00]} 41. Qc6 {[%emt 0:15:58]} ({Better is} 41. Rb1 $14) 41... g5 {[%emt 0:08:26]} 42. Bd6 {[%emt 0:02:54]} d3 {[%emt 0:07:06]} 43. Bc5 {[%emt 0:05:53]} Qxc6 {[%emt 0:01:07]} 44. bxc6 {[%emt 0:00:37]} d2 {[%emt 0:00:12]} 45. Rd1 {[%emt 0:00:27]} Rc7 {[%emt 0:00:12]} 46. Rxd2 {[%emt 0:00:43]} Rxc6 $11 {[%emt 0:00:04]} 47. Ba3 {[%emt 0:01:22]} Ra6 {[%emt 0:00:26]} 48. Bb2 {[%emt 0:00:22]} Bxb2 {[%emt 0:00:09]} 49. Rxb2 {[%emt 0:00:04]} Kg6 {[%emt 0:00:21]} 1/2-1/2